00315nam a2200109Ia 4500008004100000020001800041040002900059050002600088100003900114245002700153260002500180230222s9999||||xx |||||||||||||| ||und|| a9966 9988 5 3 cChuka University Library aCTA SB 211 bM34 2004 aMahungu Richard M, Otiende James E 0aLearn How to Grow Yams bNairobi, Kenyac2004